Introduction to database systems (Record no. 92173)

MARC details
000 -LEADER
fixed length control field 00386nam a2200157Ia 4500
008 - FIXED-LENGTH DATA ELEMENTS--GENERAL INFORMATION
fixed length control field 230917s9999||||xx |||||||||||||| ||und||
040 ## - CATALOGING SOURCE
-- 63850
Original cataloging agency VIVEKANANDA LIBRARY
041 ## - Language
-- English
082 ## - DDC NUMBER
Classification number 005.74 D262I
100 ## - MAIN ENTRY--PERSONAL NAME
Personal name Date, C J
245 #0 - TITLE STATEMENT
Title Introduction to database systems
250 ## - EDITION STATEMENT
Edition statement 6th ed.
260 ## - PUBLICATION, DISTRIBUTION, ETC. (IMPRINT)
Place of publication, distribution, etc Menlo Park
Name of publisher, distributor, etc Addison-Wesley
Date of publication, distribution, etc 1995
300 ## - PHYSICAL DESCRIPTION
Pages xxiii, 839 p.
942 ## - ADDED ENTRY ELEMENTS (KOHA)
Koha item type Books
Holdings
Withdrawn status Lost status Damaged status Not for loan Location (home branch) Sublocation or collection (holding branch) Shelving location Date acquired Koha issues (times borrowed) Koha full call number Accession No. Koha date last seen Koha item type
        VIVEKANANDA LIBRARY VIVEKANANDA LIBRARY UIET Library 08/01/2003 1 005.74 D262I 173155 06/02/2025 Books
        VIVEKANANDA LIBRARY VIVEKANANDA LIBRARY   08/01/2003   005.74 D262I 205969 17/09/2023 Books
        VIVEKANANDA LIBRARY VIVEKANANDA LIBRARY UIET Library 08/01/2003 1 005.74 D262I 205970 18/08/2025 Books
        VIVEKANANDA LIBRARY VIVEKANANDA LIBRARY   08/01/2003   005.74 D262I 205971 17/09/2023 Books
        VIVEKANANDA LIBRARY VIVEKANANDA LIBRARY UIET Library 08/01/2003   005.74 D262I 205972 17/09/2023 Books
        VIVEKANANDA LIBRARY VIVEKANANDA LIBRARY UIET Library 08/01/2003   005.74 D262I 205973 17/09/2023 Books
© Designed and Maintained by Vivekananda Library, MDU Rohtak